Once preguntas acerca de la política económica frente a la crisis en Centroamérica: balance de su trayectoria /
שמור ב:
| מחבר ראשי: | |
|---|---|
| פורמט: | Texto |
| שפה: | Spanish |
| נושאים: | |
| תגים: |
הוספת תג
אין תגיות, היה/י הראשונ/ה לתייג את הרשומה!
|
MARC
| LEADER | 00000 a a2200000 04500 | ||
|---|---|---|---|
| 003 | cru CRAI/IIS | ||
| 005 | 20210519170629.0 | ||
| 008 | 210519b |||||||| |||| 00| 0 spa d | ||
| 040 | |c cru CRAI/IIS | ||
| 100 | 1 | |a Rivera Urrutia, Eugenio |9 9979 |e Autor | |
| 245 | 1 | |a Once preguntas acerca de la política económica frente a la crisis en Centroamérica: |b balance de su trayectoria / |c Eugenio Rivera Urrutia | |
| 300 | |a páginas 24-35 | ||
| 500 | |a Colección Centroamérica | ||
| 650 | 4 | |a POLITICA ECONOMICA |9 2655 | |
| 650 | 4 | |a RECESION ECONOMICA |9 1935 | |
| 650 | 4 | |a ESTABILIZACION ECONOMICA |9 4424 | |
| 650 | 4 | |a FMI |9 2661 | |
| 650 | 4 | |a BANCO MUNDIAL |9 2662 | |
| 650 | 0 | |a EXPORTACIONES |9 95 | |
| 650 | 0 | |a CREDITO |9 4683 | |
| 650 | 0 | |a TASA DE INTERES |9 1771 | |
| 650 | 4 | |a INFLACION |9 2667 | |
| 650 | 4 | |a IMPORTACIONES |9 1843 | |
| 650 | 4 | |a PRODUCTO INTERNO BRUTO |9 1841 | |
| 773 | 0 | |0 18875 |9 5300 |a Universidad de Costa Rica. |d San José, Costa Rica: Universidad de Costa Rica. Consejo Superior Universitario Centroamericano, 1972- |o 14673 |t Estudios Sociales Centroamericanos / |x 03039676 | |
| 942 | |2 ddc |c PP | ||
| 999 | |c 43682 |d 43682 | ||
